[Event "GER-ch NSV Online 1st"]
[Site "Playchess.com INT"]
[Date "2020.04.26"]
[Round "1"]
[White "Pubantz, Jan"]
[Black "Woehler, Kai"]
[Result "0-1"]
[WhiteElo "2306"]
[BlackElo "1599"]
[PlyCount "132"]
[EventDate "2020.04.26"]
[EventType "swiss (blitz)"]
[EventRounds "13"]
[EventCountry "GER"]
[SourceTitle "CBM 196 Extra"]
[Source "ChessBase"]
[SourceDate "2020.07.31"]
[SourceVersion "1"]
[SourceVersionDate "2020.07.31"]
[SourceQuality "1"]

1. d4 Nf6 2. c4 e6 3. g3 Bb4+ 4. Nd2 Qe7 5. Bg2 c6 6. Ngf3 Bxd2+ 7. Bxd2 d6 8. 0-0 0-0 9. Qc2 Nbd7 10. Bc3 b6 11. e4 d5 12. Nd2 dxe4 13. Nxe4 Bb7 14. Rad1 Rab8 15. b4 Nxe4 16. Bxe4 Nf6 17. c5 b5 18. Bd2 h6 19. Bf4 Rbd8 20. Bd6 Qe8 21. Bxf8 Qxf8 22. Rfe1 Nd5 23. Bxd5 Rxd5 24. Re5 Rd7 25. Qe2 Qd8 26. Qe3 Kf8 27. h4 a5 28. a3 a4 29. Kh2 Qf6 30. Qf4 Qe7 31. Re3 Kg8 32. Rf3 Rc7 33. Qd6 Qxd6 34. cxd6 Rd7 35. Rc3 Rxd6 36. Rc5 Kf8 37. f4 Ke7 38. Kg2 g6 39. Kf3 Ba8 40. Ke4 f6 41. Rf1 Bb7 42. g4 Bc8 43. g5 h5 44. gxf6+ Kxf6 45. Rg1 Bd7 46. Rcg5 Be8 47. Re5 Bf7 48. Rgg5 Ke7 49. Ke3 Kf6 50. Rc5 Be8 51. Rce5 Bf7 52. Rg1 Be8 53. Rc1 Bd7 54. Rec5 Be8 55. Ke4 Bd7 56. Rg1 Be8 57. Rcg5 Bf7 58. R5g3 Be8 59. Rd3 Bf7 60. f5 exf5+ 61. Kf4 Bd5 62. Re1 Be4 63. Rd2 Rd5 64. Rc1 Rd6 65. Rc5 Bd5 66. Re2 Be4 0-1

[Event "GER-ch NSV Online 1st"]
[Site "Playchess.com INT"]
[Date "2020.04.26"]
[Round "2"]
[White "Woehler, Kai"]
[Black "Buchholz, Reiner"]
[Result "1-0"]
[WhiteElo "1599"]
[BlackElo "1909"]
[PlyCount "61"]
[EventDate "2020.04.26"]
[EventType "swiss (blitz)"]
[EventRounds "13"]
[EventCountry "GER"]
[SourceTitle "CBM 196 Extra"]
[Source "ChessBase"]
[SourceDate "2020.07.31"]
[SourceVersion "1"]
[SourceVersionDate "2020.07.31"]
[SourceQuality "1"]

1. e4 g6 2. d4 Bg7 3. Nc3 f6 4. f4 Nh6 5. Nf3 0-0 6. Be3 d6 7. h3 f5 8. e5 e6 9. Qd2 Nf7 10. 0-0-0 a6 11. g4 dxe5 12. fxe5 b5 13. gxf5 gxf5 14. Ng5 Qe7 15. Rg1 Kh8 16. Bf4 Nd7 17. Qf2 Nb6 18. Qg2 Rg8 19. Qxa8 Nxa8 20. Rg3 Nb6 21. Be2 b4 22. Nb1 Nd5 23. Bd2 a5 24. Rdg1 Bd7 25. Bh5 Be8 26. c4 bxc3 27. Nxc3 c6 28. Na4 Nxg5 29. Bxg5 Qf8 30. Bxe8 Qxe8 31. Nc5 1-0

[Event "GER-ch NSV Online 1st"]
[Site "Playchess.com INT"]
[Date "2020.04.26"]
[Round "4"]
[White "Woehler, Kai"]
[Black "Langer, Michael Sebastian"]
[Result "1-0"]
[WhiteElo "1599"]
[BlackElo "1913"]
[PlyCount "59"]
[EventDate "2020.04.26"]
[EventType "swiss (blitz)"]
[EventRounds "13"]
[EventCountry "GER"]
[SourceTitle "CBM 196 Extra"]
[Source "ChessBase"]
[SourceDate "2020.07.31"]
[SourceVersion "1"]
[SourceVersionDate "2020.07.31"]
[SourceQuality "1"]

1. e4 c6 2. d4 d5 3. e5 c5 4. c3 Nc6 5. Nf3 Bg4 6. Be2 e6 7. 0-0 cxd4 8. cxd4 Nge7 9. Nc3 a6 10. Be3 Nf5 11. Rc1 Rc8 12. a3 Be7 13. h3 Bxf3 14. Bxf3 Nxe3 15. fxe3 Bg5 16. Qd3 0-0 17. Rc2 Na5 18. Rcf2 Nc4 19. Re2 b5 20. e4 Qb6 21. Kh1 dxe4 22. Nxe4 Be7 23. Bh5 Rcd8 24. Qg3 Qxd4 25. Nf6+ Bxf6 26. exf6 g6 27. Bg4 Kh8 28. Qh4 Ne3 29. Qh6 Rg8 30. Rxe3 1-0